Úvahy o návrhoch na právne uznanie zväzkov medzi homosexuálnymi osobami /
Uložené v:
| Korporatívny autor: | |
|---|---|
| Ďalší autori: | |
| Médium: | Kniha |
| Jazyk: | Slovak |
| Vydané: |
Trnava :
Spolok svätého Vojtecha,
2004.
|
| Vydanie: | 1. vyd. |
| Edícia: | Pápežské listy a vatikánske dokumenty
zv. 45 |
| Témy: | |
| ISBN: |
8071624721 (brož.) |
| Fyzický popis: |
20 s. ; 20 cm. |
| Tagy: |
Pridať tag
Žiadne tagy, Buďte prvý kto otaguje tento záznam!
|
Titul je dostupný aj v ... 

MARC
| LEADER | 00000nam a2200000 a 4500 | ||
|---|---|---|---|
| 001 | 000000558 | ||
| 005 | 20071005104029.0 | ||
| 008 | 040316s2004 xo f 000 0 slo d | ||
| 020 | |a 8071624721 (brož.) | ||
| 040 | |a SVKKK |b slo |c SVKKK |e AACR2 | ||
| 041 | 0 | |a slo | |
| 044 | |a xo |c SK | ||
| 072 | 7 | |a 27 |x Kresťanstvo. Kresťanská cirkev všeobecne. Ekleziológia |2 konspekt | |
| 080 | |a 272-1/-9 |2 2001 | ||
| 080 | |a 316.344.8-055.3 |2 2001 | ||
| 080 | |a 316.837 |2 2001 | ||
| 080 | |a 2-1 |2 2001 | ||
| 080 | |a 316.837:347.628.41 |2 2001 | ||
| 080 | |a (093.2) |2 2001 | ||
| 110 | 2 | |a Katolícka cirkev. |b Kongregácia pre náuku viery | |
| 245 | 1 | 0 | |a Úvahy o návrhoch na právne uznanie zväzkov medzi homosexuálnymi osobami / |c Kongregácia pre náuku viery ; [preložila Mária Spišiaková]. |
| 250 | |a 1. vyd. | ||
| 260 | |a Trnava : |b Spolok svätého Vojtecha, |c 2004. | ||
| 300 | |a 20 s. ; |c 20 cm. | ||
| 490 | 1 | |a Pápežské listy a vatikánske dokumenty |v zv. 45 | |
| 500 | |a Údaj o preklade prevzatý z tiráže | ||
| 500 | |a Popísané podľa xerokópie | ||
| 610 | 2 | 7 | |a Katolícka cirkev. |b Pápež (1978-2005 : Ján Pavol II.) |2 SVKKKKA |
| 650 | 0 | 7 | |a učenie katolíckej cirkvi |2 SVKKKPH |
| 650 | 0 | 7 | |a homosexuálne osoby |2 SVKKKPH |
| 650 | 0 | 7 | |a homosexualita |x náboženské aspekty |2 SVKKKPH |
| 650 | 0 | 7 | |a registrované partnerstvo |2 SVKKKPH |
| 655 | 7 | |a pápežské listy |2 SVKKKPH | |
| 700 | 1 | |a Spišiaková, Mária |4 trl | |
| 830 | 0 | |a Pápežské listy a vatikánske dokumenty |v zv. 45 | |
| 910 | |a svkkk | ||
| 919 | |a 80-7162-472-1 | ||
| 998 | |a BK | ||
| 090 | |g SCKHL |k Sklad Pribinova 2. posch. |a III.196331 |j 959987 |i 2720020817 |s Strata | ||
| 090 | |g SCKHL |k Sklad Hlavná 10 prízemie |a III.207233 |j 990844 |i 2720078608 |s Absenčne | ||